000 00685nam a2200253 a 4500
001 6541
003 BD-DhEWU
005 20250320143929.0
008 230905s2022 bg g 001 0 eng d
020 _a9789849510406
040 _aBD-DhEWU
_beng
_cBD-DhEWU
041 _aeng
082 _a347.5492
_bISR 2022
100 1 _aIslam, Muhammad Nazrul.
245 1 0 _aReflections on the law of evidence /
_cMuhammad Nazrul Islam.
250 _a4th ed.
260 _aDhaka :
_bKamrul Book House,
_c2022.
300 _axvi, 565 p. ;
_c24 cm
500 _aincludes index
526 _aLaw
_bLaw
590 _aSagar Shahanawaz
650 _aEvidence (Law)
_zBangladesh
942 _2ddc
_cTEXT
999 _c6541
_d6541